Normal view
MARC view
- اعداد القرارعة، محمد/م. مشارك جمال العلعالي
Entry Personal Name
001 - CONTROL NUMBER
- control field: 36987
003 - CONTROL NUMBER IDENTIFIER
- control field: JO-AjAnu
005 - DATE AND TIME OF LATEST TRANSACTION
- control field: 20230606080155.0
008 - FIXED-LENGTH DATA ELEMENTS
- fixed length control field: 230606|| aca||aabn | a|a d
040 ## - CATALOGING SOURCE
- Original cataloging agency: JO-AjAnu
- Transcribing agency: JO-AjAnu
100 ## - HEADING--PERSONAL NAME
- Personal name: اعداد القرارعة، محمد/م. مشارك جمال العلعالي
670 ## - SOURCE DATA FOUND
- Source citation: Work cat.: (JO-AjAnu)18983: اعداد القرارعة، محمد/م. مشارك جمال العلعالي , author, الدياتومايت في الاردن